000 00494nam a2200169 a 4500
001 3358
005 20180713183308.0
008 140415s1989 000 0 spa d
041 _aspa
082 _a657.45
_bVER
100 1 _aVERA SMITH, FERNANDO
245 1 3 _aLA AUDITORIA INTERNA AL PROCESO DE LA NOMINA
250 _a2a ed.
260 _a[s.l.] :
_bINSTITUTO MEXICANO DE CONTADORES PUBLICOS,
_c1989
650 1 4 _aAUDITORIA
700 1 _aVELAZQUEZ LOPEZ, ANGELICA
_ecoaut.
999 _c3358
_d3358